| 000 | 01004nam a2200241Ia 4500 | ||
|---|---|---|---|
| 001 | 15258 | ||
| 003 | GE_BSU | ||
| 008 | 181216s||||||||xx |||||||||||||| ||und|| | ||
| 040 | _cGE_BSU | ||
| 080 | _a821.353.1 | ||
| 245 | _aჩვენი საუნჯე:ქართული მწერლობა ოც ტომად. ტ.7: ილია ჭავჭავაძე | ||
| 245 | _bლექსები, პოემები, მოთხრობები. | ||
| 245 | _cრედ.პ.ინგოროყვა. მხატვ.ლ.გრიგოლია | ||
| 260 | _aთბილისი | ||
| 260 | _bნაკადული | ||
| 260 | _c1960 | ||
| 300 | _a364გვ.23სმ. | ||
| 653 | _aაკაკი წერეთელი | ||
| 653 | _aლექსები, პოემები დრამები,მოთხრობები, | ||
| 653 | _aქართული მწერლობა. | ||
| 653 | _aჩვენი საუნჯე | ||
| 942 | _cBK | ||
| 999 |
_c48370 _d48370 |
||